Music Quiz

Random Music or Artist Quiz
Score 0/50 Timer 15:00
0 Plays Today
Songs Artist % Correct
Irreplaceable, Single Ladies, ResentmentBeyonce
96.4%
Yeah, You Make Me Wanna, Love In This ClubUsher
86.5%
Bump N Grind, I Believe I Can Fly, Trapped in the ClosetR Kelly
82.9%
Always Be My Baby, Vision of Love, HeroMariah Carey
79.9%
Say My Name, Survior, Cater 2 UDestiny's Child
78.9%
Sexual Healing, What's going On, I Heard it Through the GrapevineMarvin Gaye
78.3%
Fallin, No One, If I Ain't Got YouAlicia Keys
77.3%
Have You Ever, Brokenhearted, I Wanna Be DownBrandy
77%
Angel of Mine, Boy Is Mine, Don't Take It PersonalMonica
76.3%
You Are Not Alone, Rock With You, Lady in My LifeMichael Jackson
76%
I Wanna Be your Lover, Darling Nikki, Purple RainPrince
74.3%
I'm Your Baby Tonight, Saving All My Love, So EmotionalWhitney Houston
72%
Breath Again, Unbreak My Heart, You Me the World To MeToni Braxton
71.7%
No More Drama, Not Gonna Cry, Real LoveMary J Blige
69.1%
Every little Step, Roni, My PerogativeBobby Brown
65.5%
Papa Was A Rolling Stone, My GirlTemptations
65.1%
Are You That Somebody, Try Again, More than A WomanAaliyah
64.8%
If You Really Love Me, Isn't She lovely, I Just Called to Say I Love YouStevie Wonder
64.5%
Weak, Right Here/Human NatureSWV
63.2%
Don't Leave Me, Joy, No DiggityBlackstreet
62.8%
On Bended Knee, End of the Road, MotownphillyBoyz II Men
60.5%
Pretty Wings, Woman's Work, FortunateMaxwell
58.2%
What Have You Done For Me Lately, Love Will Never Do, Rhythm NationJanet Jackson
56.6%
Unchain My Heart, Hit the Road Jack, Georgia On My MindRay Charles
54.9%
This is How We Do It, Get it On ToniteMontell Jordan
54.6%
Songs Artist % Correct
cool It Now, Mr Telephone Man, If It Isn't LoveNew Edition
54.3%
Free Your Mind, My Lovin, Hold OnEn Vogue
52.6%
Tyrone, On & On, Love of My LifeErykah Badu
52.6%
Midnight Train to Georgia, If I Were Your Woman, Neither One Of Us Gladys Knight & the Pips
52.3%
Through The Fire, Feel For you, I'm Every WomanChaka Khan
51%
Upside Down, Love Hangover, Endless LoveDiana Ross
49.7%
Who Can I Run To, Just Kickin It, My Little SecretXscape
48.4%
All My life, Tell Me its Real, LifeK-ci & Jojo
46.4%
Everytime I Close My eyes, Whip Appeal, For the Cool In YouBabyface
44.4%
Baby Love, Where Did Our Love Go, Love ChildThe Supremes
44.4%
Stupid Things, Lost Without You, DreamworldRobin Thicke
43.1%
My My My, Rub You The Right WayJohnny Gill
39.5%
Golden, Hate on Me, The WayJill Scott
38.8%
Somebody who Loves You, If You Only Knew, New AttitudePatti Labelle
36.5%
Tell Me, I Never Make A Promise, Five StepsDru Hill
35.9%
Inseprable, This Will Be (An Everlasting Love), I've Got Love On My MindNatalie Cole
29.3%
I love your Smile, When I Close My Eyes, It's For YouShanice
28%
Can You Stop the Rain, If Ever You're In my Arms Again,A Whole New World Peabo Bryson
27.3%
Bernadette, Standing in the Shadows of Love, Reach Out (I'll Be There)Four Tops
26%
I'd Die With Out You, Set Adrift on Memory BlissPM Dawn
25.7%
Hello, Endless Love, Say You Say MeLionel Ritchie
24%
Love Me In A Special Way, A Dream, I Like It Debarge
23%
Last Night, Hard For me to Say I'm SorryAz Yet
19.1%
Til You Do Me Right, Can't StopAfter 7
18.8%
Tender love, Love is a HouseForce MD's
18.8%
Remove Ads.
Support Sporcle.
Get the best of Sporcle when you Go Orange. This ad-free experience offers more features, more stats, and more fun while also helping to support Sporcle. Thank you for becoming a member.

You're not logged in!

Compare scores with friends on all Sporcle quizzes.
OR
Log In

Show Comments

Extras

Top Quizzes Today


Score Distribution

Your Account Isn't Verified!

In order to create a playlist on Sporcle, you need to verify the email address you used during registration. Go to your Sporcle Settings to finish the process.

Report this User

Report this user for behavior that violates our Community Guidelines.

Details: